Vrai/Faux : Homonymes de départements français 6 - Statistiques

Statistiques générales
  • Ce quiz a été pris 10 fois
  • Le résultat moyen est 28 sur 50
Statistiques - réponses
Hint Explanation Réponse % Correct
Cher est une coulée de lave Cheire FAUX
89%
Doubs est une commune du... Doubs VRAI
89%
Ain est le département numéroté 01 VRAI
89%
Gers est l'autre nom de la yourte Ger FAUX
78%
Côte d'or est un mont du Nord Pure invention ! FAUX
78%
Dordogne est un porte hélicoptère Un pétrolier de la Marine FAUX
78%
Cantal est le département numéroté 15 VRAI
78%
Gironde est le département numéroté 33 VRAI
78%
Drôme est un affluent du Rhône VRAI
78%
Aude est un prénom féminin VRAI
78%
Creuse est un affluent du Troux Pure invention : FAUX
67%
Cantal est le département numéroté 17 16 FAUX
67%
Eure signifie chance Heur FAUX
67%
Eure est un affluent de la Segonde Pure invention ! FAUX
67%
Charente est le prénom d'un saint Pure invention ! FAUX
67%
Creuse est un affluent de la Vienne VRAI
67%
Creuse est un affluent du Gland VRAI
67%
Aveyron est un affluent du Tarn VRAI
67%
Drôme est le département numéroté 26 VRAI
67%
Calvados est le département numéroté 14 VRAI
67%
Ain est un affluant de la Suippe VRAI
67%
Aube est un vêtement liturgique VRAI
67%
Aisne est la brochette qui sert à fumer les harengs Aine FAUX
56%
Alliers désigne les parents par alliance Alliés FAUX
56%
Gard est le département numéroté 41 30 FAUX
56%
Ariège est une appelation de vin VRAI
56%
Aube est une pièce de turbine VRAI
56%
Gironde signifie "bien en chair" VRAI
56%
Creuse qualifie une aiguille chez Leblanc VRAI
56%
Aisne est un affluent de l'Oise FAUX
44%
Charente Jacques est un conteur Pure invention ! FAUX
44%
Ardèche est le département numéroté 08 07 FAUX
44%
Côte d'or est un littoral du Ghana Côte de l'or FAUX
44%
Creuse désigne une vaste vallée Une entaille FAUX
44%
Ardennes est le nom d'une abbaye Ardenne sans s FAUX
44%
Gers est une appellation de vin VRAI
44%
Drôme est une appellation de vin VRAI
44%
Cher est une chanteuse américaine VRAI
44%
Aube est un poème d'Arthur Rimbaud VRAI
44%
Aveyron est un affluent de la Loire Du Loing FAUX
33%
Aisne est le département numéroté 03 VRAI
33%
Drôme est un chapelet de flotteurs VRAI
33%
Aude est un fleuve côtier VRAI
33%
Aube est un parti politique islandais VRAI
33%
Côte d'or est un ensemble de collines VRAI
33%
Aisne est une partie du corps Aine FAUX
22%
Corrèze Emmanuel est un footballeur VRAI
22%
Ain est une étoile VRAI
22%
Calvados désigne des récifs VRAI
22%
Gironde est une commune de la... Gironde VRAI
22%
Aucun quiz correspondant
Distribution des résultats
% des personnes avec chaque résultat
Percentile par nombre de réponses
Votre historique - résultats
Vous n’avez pas pris ce quiz